NFL Dpoys - Statistics

General Stats
  • This quiz has been taken 430 times
    385 since last reset
  • The average score is 28 of 53
Answer Stats
Year Team Player % Correct
2015 Texans JJ Watt
100%
2013 Texans JJ Watt
100%
2012 Texans JJ Watt
100%
2021 Steelers TJ Watt
100%
2020 Rams Aaron Donald
99%
2018 Rams Aaron Donald
99%
2017 Rams Aaron Donald
99%
2023 Browns Myles Garrett
99%
2022 49ers Nick Bosa
97%
2003 Ravens Ray Lewis
92%
2000 Ravens Ray Lewis
92%
2014 Panthers Luke Kuechly
82%
2019 Patriots Stephon Gilmore
81%
2004 Ravens Ed Reed
78%
1986 Giants Lawrence Taylor
78%
1982 Giants Lawrence Taylor
78%
1981 Giants Lawrence Taylor
78%
2006 Dolphins Jason Taylor
74%
2016 Raiders Khalil Mack
73%
2010 Steelers Troy Polamalu
71%
1996 Bills Bruce Smith
59%
1990 Bills Bruce Smith
59%
2011 Ravens Terrell Suggs
59%
1998 Packers Reggie White
58%
1987 Eagles Reggie White
58%
2001 Giants Michael Strahan
55%
2009 Packers Charles Woodson
53%
1993 Steelers Rod Woodson
53%
2008 Steelers James Harrison
52%
2005 Bears Brian Urlacher
51%
1999 Buccaneers Warren Sapp
49%
1994 49ers Deion Sanders
47%
2007 Colts Bob Sanders
44%
1974 Steelers “Mean” Joe Greene
44%
1972 Steelers “Mean” Joe Greene
44%
2002 Buccaneers Derrick Brooks
37%
1971 Vikings Alan Page
35%
1988 Bears Mike Singletary
30%
1985 Bears Mike Singletary
30%
1976 Steelers Jack Lambert
27%
1975 Steelers Mel Blount
22%
1992 Seahawks Cortez Kennedy
13%
1979 Buccaneers Lee Roy Selmon
12%
1980 Raiders Lester Hayes
10%
1995 Bills Bryce Paup
9%
1973 Dolphins Dick Anderson
9%
1997 49ers Dana Stubblefield
8%
1977 Cowboys Harvey Martin
8%
1984 Seahawks Kenny Easley
8%
1991 Saints Pat Swilling
8%
1989 Vikings Keith Millard
6%
1978 Broncos Randy Gradishar
6%
1983 Dolphins Doug Betters
5%
No matching quizzes found
Score Distribution
Percent of People with Each Score
Percentile by Number Answered
Your Score History
You have not taken this quiz since the last reset